<?xml version="1.0" encoding="UTF-8"?>
<record
    xmlns:xsi="http://www.w3.org/2001/XMLSchema-instance"
    xsi:schemaLocation="http://www.loc.gov/MARC21/slim http://www.loc.gov/standards/marcxml/schema/MARC21slim.xsd"
    xmlns="http://www.loc.gov/MARC21/slim">

  <leader>03772nam a2200373 i 4500</leader>
  <controlfield tag="001">tf9781351253208-EBA</controlfield>
  <controlfield tag="003">DLC</controlfield>
  <controlfield tag="005">20260126104700.0</controlfield>
  <controlfield tag="006">m     o  d        </controlfield>
  <controlfield tag="007">cr |n|||||||||</controlfield>
  <controlfield tag="008">190311t20202020nyua    ob    001 0 eng  </controlfield>
  <datafield tag="010" ind1=" " ind2=" ">
    <subfield code="a">2019012045</subfield>
  </datafield>
  <datafield tag="020" ind1=" " ind2=" ">
    <subfield code="a">9781351253185</subfield>
  </datafield>
  <datafield tag="035" ind1=" " ind2=" ">
    <subfield code="a">tf9781351253208</subfield>
  </datafield>
  <datafield tag="040" ind1=" " ind2=" ">
    <subfield code="a">DLC</subfield>
    <subfield code="b">eng</subfield>
    <subfield code="e">rda</subfield>
    <subfield code="e">pn</subfield>
    <subfield code="c">DLC</subfield>
    <subfield code="d">UOH</subfield>
  </datafield>
  <datafield tag="041" ind1=" " ind2=" ">
    <subfield code="a">en</subfield>
  </datafield>
  <datafield tag="042" ind1=" " ind2=" ">
    <subfield code="a">pcc</subfield>
  </datafield>
  <datafield tag="050" ind1="1" ind2="0">
    <subfield code="a">ML3540.7</subfield>
    <subfield code="b">.M876 2020</subfield>
  </datafield>
  <datafield tag="245" ind1="0" ind2="0">
    <subfield code="a">Music in the role-playing game </subfield>
    <subfield code="b">: heroes &amp; harmonies </subfield>
    <subfield code="c">/ edited by William Gibbons and Steven Reale.</subfield>
  </datafield>
  <datafield tag="264" ind1=" " ind2="1">
    <subfield code="a">New York, NY ;</subfield>
    <subfield code="a">London :</subfield>
    <subfield code="b">Routledge/Taylor &amp; Francis Group,</subfield>
    <subfield code="c">2020.</subfield>
  </datafield>
  <datafield tag="264" ind1=" " ind2="4">
    <subfield code="c">&#x2117;2020.</subfield>
  </datafield>
  <datafield tag="300" ind1=" " ind2=" ">
    <subfield code="a">x, 224 pages :</subfield>
    <subfield code="b">illustrations.</subfield>
  </datafield>
  <datafield tag="490" ind1="1" ind2=" ">
    <subfield code="a">Routledge music and screen media series.</subfield>
  </datafield>
  <datafield tag="504" ind1=" " ind2=" ">
    <subfield code="a">Includes bibliographical references and index.</subfield>
  </datafield>
  <datafield tag="505" ind1=" " ind2=" ">
    <subfield code="a">Prologue: The Journey Begins
&#x2014; Part I: Magical Melodies
&#x2014; Song and the Transition to &#x201C;Part-Talkie&#x201D; Japanese Role-Playing Games
&#x2014; &#x201C;The Things I Do for Lust &#x2026;&#x201D;: Humor and Subversion in The Bard&#x2019;s Tale
&#x2014; Mother/EarthBound Zero and the Power of the Na&#xEF;ve Aesthetic: No Crying Until the Ending

&#x2014; Part II: Mystical Metaphors
&#x2014; Alien Waves: Sonic Reverberations of the RPG Interface in Lagrange Point
&#x2014; The Penultimate Fantasy: Nobuo Uematsu&#x2019;s Score for Cleopatra no Ma Takara
&#x2014; Music in the Time of Video Games: Spelunking Final Fantasy IV
&#x2014; Operatic Conventions and Expectations in Final Fantasy VI

&#x2014; Part III: Meaningful Memories
&#x2014; Ludomusical Dissonance in Diablo III
&#x2014; A Hidden Harmony: Music Theory Pedagogy and Role-Playing Games
&#x2014; Soundwalking and the Aurality of Stardew Valley: An Ethnography of Listening to and Interacting with Environmental Game Audio
&#x2014; Musical Landscapes in Skyrim
&#x2014; Barriers to Listening in World of Warcraft</subfield>
  </datafield>
  <datafield tag="520" ind1=" " ind2=" ">
    <subfield code="a">Music in the Role-Playing Game: Heroes &amp; Harmonies offers the first scholarly approach focusing on music in the broad class of video games known as role-playing games, or RPGs. Known for their narrative sophistication and long playtimes, RPGs have long been celebrated by players for the quality of their cinematic musical scores, which have taken on a life of their own, drawing large audiences to live orchestral performances.

The chapters in this volume address the role of music in popular RPGs such as Final Fantasy and World of Warcraft, delving into how music interacts with the gaming environment to shape players&#x2019; perceptions and engagement. The contributors apply a range of methodologies to the study of music in this genre, exploring topics such as genre conventions around music, differences between music in Japanese and Western role-playing games, cultural representation, nostalgia, and how music can shape deeply personal game experiences.

Music in the Role-Playing Game expands the growing field of studies of music in video games, detailing the considerable role that music plays in this modern storytelling medium, and breaking new ground in considering the role of genre. Combining deep analysis with accessible personal accounts of authors&#x2019; experiences as players, it will be of interest to students and scholars of music, gaming, and media studies.</subfield>
  </datafield>
  <datafield tag="545" ind1="0" ind2=" ">
    <subfield code="a">William Gibbons is Associate Professor of Musicology and Associate Dean of the College of Fine Arts at Texas Christian University. Steven Reale is Associate Professor of Music Theory at Youngstown State University.</subfield>
  </datafield>
  <datafield tag="650" ind1=" " ind2="0">
    <subfield code="a">Video game music</subfield>
    <subfield code="x">History and criticism.</subfield>
  </datafield>
  <datafield tag="650" ind1=" " ind2="0">
    <subfield code="a">Fantasy games.</subfield>
    <subfield code="9">26662</subfield>
  </datafield>
  <datafield tag="700" ind1=" " ind2=" ">
    <subfield code="a">Gibbons, William</subfield>
    <subfield code="q">(William James),</subfield>
    <subfield code="d">1981-</subfield>
    <subfield code="e">editor.</subfield>
  </datafield>
  <datafield tag="700" ind1=" " ind2=" ">
    <subfield code="a">Reale, Steven,</subfield>
    <subfield code="e">editor.</subfield>
    <subfield code="9">26663</subfield>
  </datafield>
  <datafield tag="830" ind1=" " ind2="0">
    <subfield code="a">Routledge music and screen media series.</subfield>
  </datafield>
  <datafield tag="942" ind1=" " ind2=" ">
    <subfield code="2">lcc</subfield>
  </datafield>
  <datafield tag="952" ind1=" " ind2=" ">
    <subfield code="0">0</subfield>
    <subfield code="1">0</subfield>
    <subfield code="2">lcc</subfield>
    <subfield code="4">0</subfield>
    <subfield code="7">0</subfield>
    <subfield code="a">TBS</subfield>
    <subfield code="b">TBS</subfield>
    <subfield code="d">2026-01-26</subfield>
    <subfield code="l">0</subfield>
    <subfield code="o">ML3540.7 MUS</subfield>
    <subfield code="r">2026-01-26</subfield>
    <subfield code="t">1</subfield>
    <subfield code="w">2026-01-26</subfield>
    <subfield code="y">1</subfield>
    <subfield code="z">SOON AVAILABLE</subfield>
  </datafield>
  <datafield tag="999" ind1=" " ind2=" ">
    <subfield code="c">5301</subfield>
    <subfield code="d">5301</subfield>
  </datafield>
</record>
